Patenty a ochranné známky - vybrané problémy
Vymedzenie patentov a ochranných známok podľa zákona č. 435/2001 Z.z. o patentoch, dodatkových ochranných osvedčeniach a o zmene a doplnení niektorých zákonov v z.n.p., resp. zákona č. 55/1997 Z.z. o ochranných známkach v z.n.p. Ilustračné príklady.
Guardado en:
| Autor principal: | |
|---|---|
| Formato: | Capítulo de libro |
| Lenguaje: | eslovaco |
| Materias: | |
| Etiquetas: |
Sin Etiquetas, Sea el primero en etiquetar este registro!
|
MARC
| LEADER | 00000naa$a2200000$$$4500 | ||
|---|---|---|---|
| 001 | 0106583 | ||
| 005 | 20231127095617.0 | ||
| 041 | 0 | |a slo | |
| 044 | |a SK | ||
| 245 | 1 | 0 | |a Patenty a ochranné známky - vybrané problémy |c Dušan Dobšovič |
| 520 | |a Vymedzenie patentov a ochranných známok podľa zákona č. 435/2001 Z.z. o patentoch, dodatkových ochranných osvedčeniach a o zmene a doplnení niektorých zákonov v z.n.p., resp. zákona č. 55/1997 Z.z. o ochranných známkach v z.n.p. Ilustračné príklady. | ||
| 610 | 2 | 0 | |a dane z príjmov |
| 610 | 2 | 0 | |a známky ochranné |
| 610 | 2 | 0 | |a patenty |
| 610 | 2 | 0 | |a zdaňovanie |
| 610 | 2 | 0 | |a vlastníctvo priemyselné |
| 100 | 1 | |a Dobšovič, Dušan | |